Vainqueurs de l'Euro avec son capitaine, sélectionneur et buteur - Statistiques

Statistiques générales
  • Ce quiz a été pris 87 fois
  • Le résultat moyen est 19 sur 38
Statistiques - réponses
Année Réponse % Correct
2008, 2012, 2024 Espagne
95%
1984, 2000 France
95%
2020 Italie
92%
2016 Portugal
92%
2016 Cristiano Ronaldo / Nani
88%
2016 Cristiano Ronaldo
87%
2004 Grèce
87%
1996 Allemagne
80%
2000 Didier Deschamps
79%
1992 Danemark
71%
2008 David Villa
70%
1984 Michel Platini
70%
2000 Thierry Henry
68%
2012 Fernando Torres
67%
2008, 2012 Iker Casillas
67%
1988 Pays-Bas
66%
2020 Federico Chiesa / Ciro Immobile / Lorenzo Insigne / Manuel Locatelli / Matteo Pessina
63%
2024 Álvaro Morata
58%
2020 Giorgio Chiellini
57%
2012 Vicente del Bosque
57%
1988 Marco Van Basten
49%
1988 Ruud Gullit
42%
2016 Fernando Santos
38%
2020 Roberto Mancini
37%
2024 Dani Olmo
34%
2024 Luis de la Fuente
34%
1984 Michel Hidalgo
32%
2000 Roger Lemerre
30%
2004 Ángelos Charistéas
24%
2008 Luis Aragonés
21%
1996 Jürgen Klinsmann
20%
2004 Theódoros Zagorákis
11%
2004 Otto Rehhagel
7%
1988 Rinus Michels
7%
1996 Berti Vogts
4%
1992 Lars Olsen
4%
1992 Henrik Larsen
3%
1992 Richard Møller Nielsen
3%
Aucun quiz correspondant
Distribution des résultats
% des personnes avec chaque résultat
Percentile par nombre de réponses
Votre historique - résultats
Vous n’avez pas pris ce quiz